Leveled literacy intervention (Record no. 25545)
[ view plain ]
| 000 -LEADER | |
|---|---|
| fixed length control field | 00690nam a22002177a 4500 |
| 003 - CONTROL NUMBER IDENTIFIER | |
| control field | OSt |
| 005 - DATE AND TIME OF LATEST TRANSACTION | |
| control field | 20260630093958.0 |
| 008 - FIXED-LENGTH DATA ELEMENTS--GENERAL INFORMATION | |
| fixed length control field | 260630b |||||||| |||| 00| 0 eng d |
| 020 ## - INTERNATIONAL STANDARD BOOK NUMBER | |
| International Standard Book Number | 0-325-01950-9 |
| 040 ## - CATALOGING SOURCE | |
| Transcribing agency | Chuka University |
| 050 ## - LIBRARY OF CONGRESS CALL NUMBER | |
| Classification number | LB 1576 |
| Item number | . F68 2009 |
| 100 ## - MAIN ENTRY--PERSONAL NAME | |
| Personal name | Fountas C. Irene |
| 9 (RLIN) | 27845 |
| 245 ## - TITLE STATEMENT | |
| Title | Leveled literacy intervention |
| Remainder of title | program guide |
| 260 ## - PUBLICATION, DISTRIBUTION, ETC. | |
| Place of publication, distribution, etc. | Portsmouth |
| Name of publisher, distributor, etc. | Heinemann |
| Date of publication, distribution, etc. | 2009 |
| 300 ## - PHYSICAL DESCRIPTION | |
| Extent | 276p. |
| Other physical details | Colored illustrations |
| 650 ## - SUBJECT ADDED ENTRY--TOPICAL TERM | |
| Topical term or geographic name entry element | Reading [ nelementary] -- study and teaching |
| 9 (RLIN) | 31894 |
| 650 ## - SUBJECT ADDED ENTRY--TOPICAL TERM | |
| Topical term or geographic name entry element | Language arts [ elementary] |
| 650 ## - SUBJECT ADDED ENTRY--TOPICAL TERM | |
| Topical term or geographic name entry element | Literacy intervention program |
| 9 (RLIN) | 31895 |
| 650 ## - SUBJECT ADDED ENTRY--TOPICAL TERM | |
| Topical term or geographic name entry element | Struggling readers --- education |
| 9 (RLIN) | 31896 |
| 942 ## - ADDED ENTRY ELEMENTS (KOHA) | |
| Source of classification or shelving scheme | Library of Congress Classification |
| Koha item type | Short Loan Books |
| Suppress in OPAC | No |
| Withdrawn status | Lost status | Source of classification or shelving scheme | Damaged status | Not for loan | Collection | Home library | Current library | Shelving location | Date acquired | Source of acquisition | Total Checkouts | Full call number | Barcode | Date last seen | Price effective from | Koha item type |
|---|---|---|---|---|---|---|---|---|---|---|---|---|---|---|---|---|
| Library of Congress Classification | General Collection Books | Main Campus Library | Main Campus Library | General Stacks | 30/06/2026 | Donations From Books For Africa | LB 1576. F68 2009 | 36293/2026 | 30/06/2026 | 30/06/2026 | Short Loan Books |
